U.S. Cities with the Most McDonald's Locations - Statistics

General Stats
  • This quiz has been taken 126 times
  • The average score is 9 of 10
Answer Stats
# City % Correct
73 Los Angeles
100%
245 New York City
100%
70 Miami
97%
111 Chicago
95%
65 Dallas
95%
134 Houston
95%
56 Phoenix
76%
80 San Antonio
68%
78 Las Vegas
66%
55 Orlando
59%
No matching quizzes found
Score Distribution
Percent of People with Each Score
Percentile by Number Answered
Your Score History
You have not taken this quiz